000 00478cam a2200145 4500500
005 20251012012130.0
041 _afre
042 _adc
100 1 0 _aN’Diaye, Aïda
_eauthor
245 0 0 _aLa nature est-elle au fondement de nos normes ?
260 _c2021.
500 _a67
786 0 _nPhilosophie magazine | 147 | 3 | 2021-03-01 | p. 60-60 | 1951-1787
856 4 1 _uhttps://shs.cairn.info/magazine-philosophie-magazine-2021-3-page-60?lang=fr&redirect-ssocas=7080
999 _c1525603
_d1525603